Statistiques concernant Bloqués: Le quiz ultime

Cliquez ici pour prendre le quiz!

Statistiques générales

  • Ce quiz a été pris 175 fois
  • Le résultat moyen est 23 sur 120

Statistiques - réponses

ÉpisodeQuestionRéponse% Correct
24Quelle lettre Gringe ferait-il supprimer s'il était riche ?E
87%
29A qui appartient le chat que gardent Orel et Gringe ?A la voisine bonne
60%
68Qui n'apparait pas dans l'épisode "hey salut" ?Orel
57%
85Combien de paires de Puma Air Jordan existent dans le monde ?Trois
55%
93Au bout de combien de pompes Gringe abandonne-t-il ?4
53%
14C'est pas les féministes qu'ils aiment pas, c'est juste...les connasses
50%
61Qui Orel tuerait-il s'il pouvait remonter dans le temps ?Hitler
49%
7Complétez la phrase: "D'abord j'lui ai mis un doigt..."Ensuite elle m'a sucé
48%
5Que répond Orel au premier "Johnny Depp" de Gringe ?Johnny Hallydepp
46%
69Que décide de commander Gringe quand Orel lui dit "comme tu veux" ?Des pizzas
42%
11Complétez la phrase: "J'ai l'impression que mes blagues c'est pas trop...Ta tasse de thé
42%
39Comment Orel baise-t-il sa meuf selon Gringe ?En ciseaux
41%
37Combien de fois par heure pense-t-on a une banane selon les comptes le saviez-vous ?Six
40%
1Par qui Gringe ferait-il écrire sa lettre de démission s'il était riche ?Michel Houellebecq
38%
55Quelle est l'association qui réalise les rêves ?Make a wish
35%
62A qui Orel dédie-t-il sa branlette ?Tupac
35%
80Quel est le titre de l'épisode ou Orel essaie de faire peur à Gringe ?Bouh !
31%
65Combien d'argent Orel gagne-t-il avec ses tickets à gratter ?450 euros
29%
45Dans quoi Orel veut-il se cacher pour rentrer à la soirée de la voisine bonne ?Un gâteau
29%
20A l'anniv de qui Orel rencontre-t-il une meuf avec qui ça se passe plutôt bien ?Bruno
28%
98Comment s'appelle le plombier gênant ?Claude
27%
23Que mangent Orel et Gringe pendant l'épisode "les salons de massages" ?Des sushis
27%
63De quel film Orel trouve-t-il que l'histoire tient pas debout ?La liste de Schindler
27%
34Quel journaliste est le fidèle acolyte du canard samouraï ?Jean-Pierre Elkabbach
25%
2Pour la venue de qui Orel et Gringe doivent-ils faire du nettoyage ?Géraldine et sa copine
24%
28Quel est le contraire d'un journaliste ?Jean-Marc Morandini
24%
59Comment s'appelle l'endroit ou on envoie tous les déchets selon Gringe ?L'Inde
24%
88Comment s'appelle la chaîne Youtube d'Orel ?Orel fait son foufou
24%
71Quel PDG est pote avec le père de Serge ?Steve Jobs
24%
46Quelle est la question répétée pendant tout l'épisode "le jour de la marmotte" ?T'as vu un jour sans fin ?
24%
78Comment s'appelle l'épisode sur le pierre feuille ciseaux ?Le puits
23%
119Quelle est la couleur du peignoir de Gringe lorsqu'il cherche une capote ?Rouge
23%
57De quel achat d'Orel Gringe se moque-t-il ?Sa marinière
23%
95A l'enterrement de qui Gringe est-il allé ?son grand-père
23%
13Si Orel et Gringe étaient les trois frères, lequel des trois serait Orel ?Bernard Campan
22%
36Si le fils d'Orel ne veut pas être toupiste il pourra choisir d'être pile ou faciste ou...Chifoumiste
22%
19De quel film de 1985 parle Orel pendant tout l'épisode ?Retour vers le futur
22%
83Combien de boîtiers médiamétrie y a-t-il en France ?3000
21%
30Qu'est ce qui est une vielle astuce de grand-mère selon Gringe ?Collaborer avec des nazis
21%
56Qu'est ce qui sera une surprise pour eux deux ?L'anniversaire de Gringe
21%
77Comment s'appelle la souris adoptée par Orel ?Mister Jingles
21%
50Si Gringe avait un enfant ça serait pas la première fois qu'il...reproduit une erreur
21%
10Depuis combien de temps Orel attend-il sa meuf pour mater le dernier Game of Thrones ?3 jours
20%
41Complétez la phrase :"Ma grand mère a 20 ans elle pouvait pas dire... Tu sais _____, mon patron"Karim
20%
99Que fait Gringe chaque premier du mois ?Le tour des ex
20%
40Quel prénom Orel n'a-t-il pas proposé a sa meuf pour leurs enfants ?Adolf
19%
38Qu'est-ce qui est cool quand t'es célèbre mais pas quand t'es pauvre ?Faire une overdose
19%
114Quel humain à un goût légèrement persillé ?Jay-Z
19%
96Comment s'appelle la teub d'Orel ?Jean-Jacques
19%
112Comment s'appelle le livre érotique d'Orel ?La sève du mâle
19%
47Qu'est-ce qu'il y a sur un divan selon Gringe ?Le chien de Michel Drucker
19%
3Qui est le premier à sonner dans l'épisode "C'était qui ?"Le mec du loyer
19%
21Comment la meuf de Gringe signait-elle ses mails ?Musicalement votre
19%
64Complétez la phrase :"Buvez pas_______ pendant les prochaines 24h" ?d'eau du robinet
18%
51Où était Orel a cette heure-ci à 15 piges ?En cours de maths
18%
110Pour les championnats du monde de quelle distance Orel s'entraîne-t-il ?1 mètre
17%
4Qu'est-ce qui n'existait pas la dernière fois qu'Orel a baisé ?Le coca zero
17%
12Qui fait des rêves de ouf quand ils dorment selon Orel ?Les scénaristes d'Hollywood
17%
81Que ramène Orel et Gringe chez eux après une soirée alcoolisée ?Un cendrier
17%
79Quel est le montant du chèque reçu par Orel ?120 euros
16%
91Complétez la phrase:" Le film va commencer, tu peux...Éteindre tes baskets s'il te plaît
16%
35Qui va débarquer chez l'ex de Gringe ce soir ?Quatre péruviens
16%
48Combien d'argent Gringe propose-t-il a Orel dans "Tu préfères" ?10 millions d'euros
15%
76Où sont les piles de la télécommande ?Dans la télécommande
15%
43De quoi Gringe parle-t-il aux témoins de Jéhovah ?Du seigneur des anneaux
15%
15Dans quel pays fait-on les meileurs mojitos selon Orel ?En Mauritanie
15%
52Que choisirait Gringe s'il avait droit à une seule voiture ?Nissan Micra Automatique
15%
53Avec qui serge fait-il une Battle de danse à Saint-Tropez ?Kanye West
14%
25Que répond Orel au "trois petits chats" de Gringe ?Chaterton autour de la teub
13%
84Qu'essaie de faire Orel par la pensée ?Chauffer le verre d'eau
13%
58Qu'est-ce qui est trop un concept à l'ancienne ?La fidélité
13%
67Que fait Orel quand Gringe dit "T'as encore trouvé un nouveau moyen de me casser les c..." ?La voix off de Gringe
13%
89Par qui Serge s'est-il fait kidnappé à la naissance ?Les chinois
13%
17Qu'est-ce qu'il faut boire pour pas avoir la gueule de bois ?Deux grandes despes
12%
16Avec qui Orel veut-il faire un remake de sa sextape ?La soeur de sa meuf
12%
70Comment gagne le combattant au freefight sous MDMA ?Par câlins
12%
111Quel est le blaze de rappeur de Serge le mytho ?Sergi Sergio
12%
27Ou est souvent Orel et que fait-il maintenant qu'il fait ce qu'il veut ?Dans sa chambre et il bouge plus
11%
86Complétez la phrase:"J'suis human beatbox dans un groupe de..."Free Jazz
11%
73Qu'est-ce qu'on utilise plus que dans les pornos des années 90 ?Les plumeaux
11%
42Avec qui Gringe veut-il inventer un moyen de communiquer ?les virus
11%
74Qui est l'auteur de la citation "l'enfer c'est les autres" selon Orel ?Shurik'n
11%
22De quel animal Gringe parle-t-il quand il dit "on aurait 1000 trucs qui servent à rien" ?Une étoile de mer
11%
116Dans quelle ville Orel va-t-il pour tromper sa meuf ?Dunkerque
10%
101Comment s'appelle l'épisode où Gringe et Orel oublient les clés ?Enfermés dehors
10%
8Quel est le titre de l'épisode ?Ni oui ni non
10%
120Comment s'appelle le dernier épisode ?On perd notre temps
10%
92Complétez la phrase: "Putain c'est relou le...Racisme
10%
9A quel animal hybride Orel compare-t-il les autruches ?Des Poules-Girafes
9%
26Avec quel ministre thaïlandais Serge le mytho est-il très très pote ?Le ministre de la culture
9%
49Quel est le titre de l'épisode qui parle de pouvoir voler ?Aller plus haut
8%
31Dans quelle émission de télé Orel a-t-il vu quelqu'un monter sa boîte ?Capital
8%
90Complétez la phrase: "J'suis allé chez l'coiffeur...C'est reuch
8%
113A la soirée de qui Gringe ne veut pas aller pour jouer aux jeux vidéos ?Clem
8%
97Que ferait Gringe si c'était le dernier jour de sa vie ?Il agoniserait
8%
100Quelle heure est-il dans l'épisode les histoires qui font peur ?23h
7%
102Où peux-tu acheter du LSD sur le darknet ?A Caracas
7%
105Quel est le métier de la petite amie secrète de Serge ?Actrice
7%
75A quoi pense tout le temps Orel ?Au requin des céréales Kix
7%
32Comment s'appelle la tante d'Orel ?Brigitte
7%
108Friends pour un mec de 15 ans c'est comme ____ pour Orel et GringeHappy Days
7%
72Qu'est-ce qui était une apologie du marxisme selon Orel ?Inspecteur Gadget
7%
104A quelle date se passe l'épisode Les jours fériés ?Le 8 mai
7%
60Sur une musique de quel chanteur Orel pense-t-il avoir été conçu ?R Kelly
7%
33Qu'est-ce que Orel et Gringe devraient installer dans le salon ?Une éolienne
7%
82Dans quelle prison Serge était-il incarcéré ?Crenshaw
6%
106Quelle est la blague faite par Orel dans l'épisode "Naruto vs Balzac"Dragon Balzac
6%
87Sur quel site Orel apprend-il que les pyramides sont un système de communication extra-terrestre ?Véritésecrète.org
6%
66Quelle heure indique le micro-ondes pendant l'épisode "le générique" ?13:37
5%
118De quel pays parle le dernier épisode sur Serge le Mytho ?Le Mexique
5%
115Quelle est la première passion d'Orel dans l'épisode ?Le Paintball
5%
18Quel est le titre de l'épisode ?Le placard
5%
6Quel est le titre de l'épisode ?Pourquoi t'as démissionné ?
5%
109Selon Orel, Gringe n'avait pas de plan cul, c'était juste ...Une meuf dont il est amoureux
5%
103Comment on fait pour avoir l'autre moitié d'une meuf ?Faut être quelqu'un de bien
4%
54Complétez la phrase de l'épisode Galère de thunes: "Bah ouais ça tu peux ça... " ?J'sais même pas ce que c'est
4%
117Quelle est la bonne phrase dans l'épisode sur la tolérance ?Un homosexuel est une personne normale.
4%
94La vie se serait mieux si tous les matins tu pouvais...choisir une moustache
3%
44De quoi se rappelle la grand-mère de Gringe ?De la première fois ou elle a vu un noir
3%
107Qu'est-ce qui est le garde-manger de la salle de bain ?Une buanderie
1%

Distribution des résultats

Percentile par nombre de réponses

% des personnes avec chaque résultat

Votre développement - résultats

Vous n’avez pas pris ce quiz